| 000 | 01281cam a2200337 i 4500 | ||
|---|---|---|---|
| 003 | SA-RiAUC | ||
| 005 | 20250413073550.0 | ||
| 008 | 250412s1982 sy g 00110 ara c | ||
| 024 | 0 | _a77000000007001 | |
| 024 | 0 | _a33000000006611 | |
| 024 | 0 | _a44000000002001 | |
| 024 | 0 | _a44000000003125 | |
| 040 |
_aSA-AhKFU _bara _cSA-RiAUC _erda |
||
| 082 | 0 | 4 |
_a808.02 _qSA-RiAUC |
| 090 |
_a808.02 _b ط ر ا |
||
| 100 | 1 |
_aالطرابلسي، أمجد، _d1916-2001 _eمؤلف. |
|
| 245 | 1 | 0 |
_aنظرة تاريخية في حركة التأليف عند العرب في اللغة والأدب / _cالدكتور أمجد الطرابلسي. |
| 250 | _aالطبعة السابعة. | ||
| 264 | 1 |
_aدمشق : _bمكتبة دار الفتح، _c1982 |
|
| 300 |
_a231 صفحة ؛ _c24 سم |
||
| 336 |
_aنص _btxt _2rdacontent _3كتاب |
||
| 337 |
_aبدون وسيط _bn _2rdamedia |
||
| 338 |
_aمجلد _bnc _2rdacarrier |
||
| 504 | _aيشتمل على كشافات. | ||
| 650 | 7 |
_aالتأليف _zالبلاد العربية _2aucsh |
|
| 650 | 7 |
_aاللغة العربية _xتاريخ _2aucsh |
|
| 650 | 7 |
_aالأدب العربي _xتاريخ ونقد _2aucsh |
|
| 942 |
_2ddc _cBOOK _n0 |
||
| 949 |
_aSA-JeALM _d250412 _uosman123 _n1 |
||
| 999 |
_c6960 _d6960 |
||